Apakah undang-undang
| Main Author: | |
|---|---|
| Format: | Book |
| Published: |
Kuala Lumpur :
Dewan Bahasa dan Pustaka ,
1985
|
| Subjects: |
MARC
| LEADER | 00000cam a2200000 7i4500 | ||
|---|---|---|---|
| 001 | 0000054785 | ||
| 005 | 20151111.0 | ||
| 008 | 151111 | ||
| 020 | |a 9676901946 | ||
| 090 | 0 | 0 | |a 340 |b ABD |
| 100 | 0 | |a Abd. Ghani Hj. Awang | |
| 245 | 1 | 0 | |a Apakah undang-undang |c Abd. Ghani Hj. Awang |
| 260 | |a Kuala Lumpur : |b Dewan Bahasa dan Pustaka , |c 1985 | ||
| 300 | |a 85pg | ||
| 650 | 0 | |a Law--Malaysia | |
| 999 | |a 0000052938 |b Book |c Adult Collection |e Cawangan Mersing | ||
| 999 | |a 0000052939 |b Book |c Adult Collection |e Cawangan Mersing | ||
| 999 | |a 00052943 |b Book |c Adult Collection |e Cawangan Muar | ||